000
00335nam a22001457a 4500
008
221122b ||||| |||| 00| 0 eng d
020
_a
9781449609221
041
_a
eng
080
_2
SEVENTH EDITION
_a
61
082
_a
61
100
_a
5
101
_a
MJK
245
_a
EMERGENCY CARE IN THE STREETS
_c
CAROLINE'S N
942
_2
udc
_c
BK
999
_c
59006
_d
59006